LEADER 01437nam a2200217 4500 001 000000340882 003 CaOOAMICUS 005 20220209145748.0 008 200703s1815 it a 000 u ita r 026 $ao.ma g.do i.a- soke (3) 1815 (A) 040 $aSeMil$bita 100 11$aMalte-Brun, Conrad,$d<1775-1826>.$0(OLS)http://semarc/name/89813 245 00$a3: Descrizione dell'Asia, eccetto l'India. 264 1$aMilano :$bDalla Tipografia Sonzogno e Compagni,$c1815. 300 $a[2], IX, [1], 589, [3] p. ;$c8° 773 0 $aMalte-Brun, Conrad <1775-1826>$tGeografia universale o Descrizione di tutte le parti del mondo trattata su d'un nuovo piano e giusta le gran divisioni naturali del globo preceduta dalla storia della geografia presso i popoli antichi e moderni e da una teorica generale della geografia matematica, fisica e politica; fornita di carte, prospetti analitici, sinottici ed elementari, e d'una tavola alfabetica delle denominazioni de' luoghi. Di Malte Brun. Traduzione dal francese. Tomo 1. [-8.].$dMilano : Dalla Tipografia Sonzogno e Compagni, 1815-1830.$g3$w()340878 850 $aSeMil 852 $aSeMil$W1$xVenegono$y1$m3XD V 3 FA$j219661$B231900$CSeMilBibl$Z2$F231900 $8I 996 $6245$a3: Descrizione dell'Asia, eccetto l'India$9(OLS)http://semarc/title/429959 996 $6264$aMilano :$bDalla Tipografia Sonzogno e Compagni$9(OLS)http://semarc/publisher/34319 LEADER 01647nam a2200313 i 4500 001 000000052715 003 CaOOAMICUS 005 20210525134148.0 008 970217s1760 it u000 u lat u 013 $a23887 026 $aumu- us6. i-o. CAvu (3) 1760 (R) 040 $aSeMil$bita 110 2 $aChiesa Cattolica : Congregazione dei riti.$0(OLS)http://semarc/name/552 245 10$aDecreta authentica Sacrae Rituum Congregationis notis illustrata ad illustriss. et reverendiss. Joannem Bragadenum patriarcham Venetiarum .. 250 $aEditio secunda veneta emendatior et auctior auctore Spiridione Talù sacerdote veneto J.U.D. et sacrorum professore 260 $aVenetiis :$bTypis & impensis Nicolai Pezzana,$c1760. 300 $a[12], 260 p. ;$c4º. 500 $aFront. stampato in rosso e nero 500 $aSegn.: a6 A-2H4 2I6 500 $aIniz., testate e finalini xilogr. 650 4$aSacre Congregazioni - Congregazione dei riti.$0(OLS)http://semarc/subject/57994 700 1 $aBragadin, Giovanni,$d<1699-1775>.$0(OLS)http://semarc/name/26018 700 1 $aTalù, Spiridione.$0(OLS)http://semarc/name/26019 700 1 $aPezzana, Nicolò,$c.$0(OLS)http://semarc/name/2800 850 $aSeMil 852 $aSeMil$W1$xVenegono$y1$m2H II 63 FA$j18869$B18869$CSeMilBibl$Z2$F18871 $8I 996 $6245$aDecreta authentica Sacrae Rituum Congregationis notis illustrata ad illustriss. et reverendiss. Joannem Bragadenum patriarcham Venetiarum ..$9(OLS)http://semarc/title/81005 996 $6260$aVenetiis :$bTypis & impensis Nicolai Pezzana$9(OLS)http://semarc/publisher/41498